000 00493pab a2200181 454500
008 180718b2013 xxu||||| |||| 00| 0 eng d
100 _aMevedith, David
245 _aPerspectives or Ireland's economic geography: An evaluation of spatial structures
260 _c2013
300 _ap.61-89.
650 _aEconomic geography - Ireland
650 _aEconomic geography
700 _aFoley, Ronan
700 _aWalsh, Jim
773 _aAdministration
908 _aN
909 _a102035
999 _c102033
_d102033